| 000 | 01262nam a2200337Ia 4500 | ||
|---|---|---|---|
| 001 | ebr10269037 | ||
| 003 | CaPaEBR | ||
| 006 | m u | ||
| 007 | cr cn||||||||| | ||
| 008 | 010710s2002 enka sb 001 0 eng d | ||
| 010 | _z 2001036607 | ||
| 020 | _z0195141741 (alk. paper) | ||
| 020 | _z019514175X (pbk. : alk. paper) | ||
| 020 | _z9780195141757 | ||
| 040 |
_aCaPaEBR _cCaPaEBR |
||
| 035 | _a(OCoLC)312713892 | ||
| 050 | 1 | 4 |
_aQP406 _b.E334 2002eb |
| 082 | 0 | 4 |
_a612.8/2 _221 |
| 100 | 1 | _aEichenbaum, Howard. | |
| 245 | 1 | 4 |
_aThe cognitive neuroscience of memory _h[electronic resource] : _ban introduction / _cHoward Eichenbaum. |
| 260 |
_aOxford ; _aNew York : _bOxford University Press, _c2002. |
||
| 300 |
_ax, 370 p. : _bill. |
||
| 504 | _aIncludes bibliographical references and index. | ||
| 533 |
_aElectronic reproduction. _bPalo Alto, Calif. : _cebrary, _d2009. _nAvailable via World Wide Web. _nAccess may be limited to ebrary affiliated libraries. |
||
| 650 | 0 |
_aBrain _xPhysiology. |
|
| 650 | 0 | _aCognition. | |
| 650 | 0 | _aMemory. | |
| 655 | 7 |
_aElectronic books. _2local |
|
| 710 | 2 | _aebrary, Inc. | |
| 856 | 4 | 0 |
_uhttp://site.ebrary.com/lib/rucke/Doc?id=10269037 _zAn electronic book accessible through the World Wide Web; click to view |
| 999 |
_c8356 _d8356 |
||